| 000 | 00460nam a22001937a 4500 | ||
|---|---|---|---|
| 003 | MPLRDC | ||
| 005 | 20220104142713.0 | ||
| 008 | 210129b ||||| |||| 00| 0 eng d | ||
| 020 | _a957-9140-81-2 | ||
| 082 | _a427.131 CCJK | ||
| 100 | _a佑文出版社编辑部 | ||
| 245 |
_a家常寿司 _c |
||
| 250 | _a初版 | ||
| 260 |
_a _b佑文出版社 _c1996 |
||
| 300 | _b平 | ||
| 490 | _a吃出健康系列;12 | ||
| 650 | _a | ||
| 942 |
_cBK _o427.131 CCJK |
||
| 999 |
_c33030 _d33020 |
||